| 000 | 00743cam a22002054a 4500 | ||
|---|---|---|---|
| 020 | _a0415237947 (hbk.) | ||
| 020 | _a0415237955 (pbk.) | ||
| 040 | _cDLC | ||
| 082 | 0 | 0 | _a910 RAY 2003 A099 Co. |
| 100 | 1 | _aKonecny, Gottfried. | |
| 245 | 1 | 0 |
_aGeoinformation : _bremote sensing, photogrammetry and geographic information systems / |
| 260 |
_aLondon ; _aNew York : _bTaylor & Francis, _c2003. |
||
| 300 |
_axi, 248 p., [16] p. of plates : _bill. (some col.), maps ; _c24 cm. |
||
| 650 | 0 | _aGeographic information systems. | |
| 650 | 0 | _aRemote sensing. | |
| 650 | 0 | _aPhotogrammetry. | |
| 856 | 4 | 1 | _uhttp://www.loc.gov/catdir/toc/fy038/2002074008.html |
| 856 | 4 | 2 | _uhttp://www.loc.gov/catdir/enhancements/fy0646/2002074008-d.html |
| 942 | _cEK | ||
| 999 |
_c11761 _d11761 |
||